000 01628cam a2200133 4500500
005 20260405085551.0
041 _afre
042 _adc
100 1 0 _aDepraz, Samuel
_eauthor
245 0 0 _aLa France des marges : Géographie des espaces « autres »
260 _bArmand Colin,
_c2017.
520 _aLes « marges » désignent des territoires discrets, qui occupent une position périphérique par rapport aux centres d’impulsion de l’économie et de la vie publique française que sont les métropoles ou les grands sites économiques et touristiques. Banlieues, espaces périurbains, marges rurales, petites villes en déclin, espaces interlopes des cœurs de ville, îles et territoires ultramarins, marécages, montagnes et forêts… ces territoires méconnus et en transition permanente font ici l’objet d’une analyse précise. À travers une lecture fine de ces espaces « autres », sont ainsi mis en évidence l’organisation socio-économique régionale de chacun d’eux et les mécanismes d’inscription des inégalités dans les territoires. La géographie des marges vient alors révéler la complexité de ces espaces, animés à la fois par des logiques de mise à l’écart, mais aussi d’affranchissement vis-à-vis des dominations extérieures. L’étude des marges permet ainsi, en miroir, de mieux revenir sur la puissance des centres. Elle permet aussi de s’interroger sur ce qui fait la norme sociale et sur les moyens d’atteindre une meilleure justice spatiale.
856 4 1 _uhttps://shs.cairn.info/la-france-des-marges--9782200617172?lang=fr&redirect-ssocas=7080
999 _c2198594
_d2198594